| 000 | 00589nam a2200205Ia 4500 | ||
|---|---|---|---|
| 003 | GCL | ||
| 008 | 140319s9999 xx 000 0 ara d | ||
| 040 |
_aGCL / _cGCL |
||
| 082 | 0 | 4 |
_a239.9 _bس ا |
| 100 | 1 | _aسامية حسن ابراهيم | |
| 245 | 1 | 0 |
_aالانصاريات من الصحابيات / _cسامية حسن ابراهيم |
| 700 | 1 | _aسامية منيسى | |
| 260 |
_a[S.N] : _bالمكتبة الاكاديمية |
||
| 300 | _a298 ص | ||
| 490 | _a | ||
| 650 | 0 | 4 | _aالاسلام |
| 650 | 0 | 4 | _aالصحابيات |
| 650 | 0 | 4 | _aالصحابة |
| 942 |
_2ddc _cBK |
||
| 999 |
_c53232 _d53232 |
||